| 000 | 00703nam a2200205Ia 4500 | ||
|---|---|---|---|
| 005 | 20220317001216.0 | ||
| 008 | 160825s2003 ck a g 000 0 spa | ||
| 082 | 0 | 4 |
_a384.5546 _bT24t |
| 100 | 1 | _aTéllez G., María Patricia | |
| 245 | 1 | 3 |
_aLa televisión comunitaria en Colombia _bentre la realidad y la utopía _cMaría Patricia Téllez G. |
| 250 | _a1a. edición | ||
| 300 |
_a158 páginas _bilustraciones _c22 cm |
||
| 650 | 1 | 4 |
_2LEMB _aTelevisión _zColombia |
| 942 |
_2ddc _cBK |
||
| 264 |
_aBogotá _bMinisterio de Cultura _c2003 |
||
| 336 |
_atexto _btxt _2rdacontent |
||
| 337 |
_asin mediación _bn _2rdamedia |
||
| 338 |
_avolumen _bnc _2rdacarrier |
||
| 040 |
_aCO-BoRNBP _bspa _erda _cCO-BoRNBP |
||
| 999 |
_c6249 _d6249 |
||